Radicalismo étnico: análisis comparado de las causas y efectos en conflictos étnicos violentos
Պահպանված է:
| Հիմնական հեղինակ: | |
|---|---|
| Ձևաչափ: | Գիրք |
| Լեզու: | իսպաներեն |
| Հրապարակվել է: |
Madrid, España
Akal
1997
|
| Շարք: | Akal Universitaria. Serie Historia Contemporánea,
187 |
| Խորագրեր: | |
| Ցուցիչներ: |
Ավելացրեք ցուցիչ
Չկան պիտակներ, Եղեք առաջինը, ով նշում է այս գրառումը!
|
MARC
| LEADER | 00000nam a2200000 a 4500 | ||
|---|---|---|---|
| 001 | UCM9085 | ||
| 003 | CL-VaPUC | ||
| 005 | 20210528001814.0 | ||
| 008 | 030411e19970000SP |||||||||||||||||spa|d | ||
| 999 | |c 303462 |d 303460 | ||
| 040 | |c Pontificia Universidad Católica de Valparaíso | ||
| 082 | 0 | 4 | |a 306.08 WAL 1997 |2 21 |
| 100 | 0 | |a Waldmann, Peter |e author |9 475459 | |
| 245 | 1 | 0 | |a Radicalismo étnico: |b análisis comparado de las causas y efectos en conflictos étnicos violentos |
| 260 | |a Madrid, España |b Akal |c 1997 | ||
| 300 | |a 416 páginas | ||
| 490 | 0 | |a Akal Universitaria. Serie Historia Contemporánea, |v 187 | |
| 583 | |a last modification |c 20030411 00:00:00 |k Rodrigo Vera | ||
| 650 | 7 | |a GRUPOS ETNICOS |2 CL-VaPUC |9 324200 | |
| 650 | 7 | |a CONFLICTOS ETNICOS |2 CL-VaPUC |9 475460 | |
| 650 | 7 | |a MINORIAS ETNICAS |2 CL-VaPUC |9 341212 | |
| 650 | 7 | |a NACIONALISMO |2 CL-VaPUC |9 475461 | |
| 650 | 0 | |a Desigualdad social |9 349409 | |
| 942 | |c BK |2 ddc | ||
| 945 | |d 20030411 00:00:00 |a cmena | ||
| 952 | |0 0 |1 0 |2 ddc |4 0 |6 306_080000000000000_WAL_1997 |7 0 |8 A |9 364796 |a BIBHIS |b BIBHIS |d 2019-11-21 |i 3892514 |l 2 |o 306.08 WAL 1997 |p 3892514 |r 2025-04-29 |s 2025-04-23 |t 1 |w 2019-11-21 |y BK |k HIS | ||